Железный театр: роман; пер. с груз.

Bibliografiske detaljer
Hovedforfatter: Чиладзе О. И. Отар Иванович
Andre forfattere: Ананиашвили Э. (переводчик)
Sprog:russisk
Udgivet: Москва, Советский писатель, 1985
Fag:
Format: MixedMaterials Bog
KOHA link:https://koha.lib.tpu.ru/cgi-bin/koha/opac-detail.pl?biblionumber=152315

MARC

LEADER 00000nam0a2200000 4500
001 152315
005 20231101221620.0
035 |a (RuTPU)RU\TPU\book\165145 
090 |a 152315 
100 |a 20090129d1985 m y0rusy50 ca 
101 1 |a rus  |c gex 
102 |a RU 
105 |a c z 000ay 
200 1 |a Железный театр  |e роман  |e пер. с груз.  |f О. И. Чиладзе  |g пер. Э. Ананиашвили 
210 |a Москва  |c Советский писатель  |d 1985 
215 |a 384 с.  |c портр. 
606 1 |a Грузинская литература  |2 stltpush  |3 (RuTPU)RU\TPU\subj\8671  |9 36034 
610 1 |a художественная литература 
610 1 |a романы 
610 1 |a художественная литература 
675 |a 894.631  |v 3 
700 1 |a Чиладзе  |b О. И.  |g Отар Иванович 
702 1 |a Ананиашвили  |b Э.  |4 730 
801 1 |a RU  |b 63413507  |c 20090129  |g PSBO 
801 2 |a RU  |b 63413507  |c 20200525  |g RCR 
942 |c BK